000
00303nam a22001337a 4500
008
181022b xxu||||| |||| 00| 0 eng d
020
_a
9780781775250
041
_a
eng
080
_2
6 ed
_a
611
100
_a
6
101
_a
ANA
245
_a
Clinically Orinted Anatomy
_c
Moore.k.l
942
_2
udc
_c
BK
999
_c
50392
_d
50392